000 00259nam a22001217a 4500
008 170421b xxu||||| |||| 00| 0 eng d
041 _aeng
080 _a573
100 _a11
101 _aSHM
245 _aFISHERIES BIOLOGY
_cCUSHING.D.H
942 _2udc
_cBK
999 _c11480
_d11480